Biblioteca

De la pluma del Reformador (Registro nro. 62757)

Detalles MARC
000 -LÍDER
Campo fijo de descripción fija 003910000a22001210004500
100 1# - ASIENTO PRINCIPAL--NOMBRE PERSONAL
Nombre personal Lutero, Martín
245 10 - TÍTULO
Título del Material De la pluma del Reformador
300 ## - DESCRIPCIÓN FÍSICA
Extensión Vol.0, núm.5 (2008), Página 1
500 ## - NOTA GENERAL
Nota General Tomado de "Comentario de la Carta a los Gálatas" (1519) Obras Completas de Lutero, Tomo II, págs. 436-618
650 14 - ASIENTO SECUNDARIO DE MATERIA - TERMINO TEMÁTICO
Término temático o nombre geográfico como elemento de entrada GÁLATAS
773 0# - HOST ITEM ENTRY
Title La Voz Luterana de Colombia
942 ## - TIPO DE MATERIAL (KOHA)
Tipo de Item KOHA Artículos de Revista
Existencias
Estado de Material Estado de Perdido Estado de Dañado No para Préstamo Colección Biblioteca de Origen Biblioteca Permanente Fecha de Adquisición Total de Préstamos Signatura Topográfica Última vez visto Fecha de Remplazo Tipo de Material
        Colección de Hemeroteca Biblioteca FUSBC Biblioteca FUSBC 26/01/2016   26/01/2016 26/01/2016 Artículos de Revista

Biblioteca FUSBC | Teléfono: (57+4) 349 88 10 Ext. 141| WhatsApp (+57) 3005338115 
E-mail: biblioteca@unisbc.edu.co | Calle 76 87-14 Robledo Palenque, Medellín, Colombia

Con tecnología Koha